000
00267nam a2200109Ia 4500
008
220204s9999 xx 000 0 und d
082
_a
065.01
_b
MOT
245
0
_a
Motivation. Pt 1-2
260
_a
USA
_b
Harvard College
_c
1959
650
_a
Motivated workers
942
_c
BK
999
_c
37229
_d
37229